| 000 | 00704nam a22002297a 4500 | ||
|---|---|---|---|
| 005 | 20170124110017.0 | ||
| 010 | _aB-031253 | ||
| 020 |
_c00.00 _a8187317949 |
||
| 035 | _aB-031253 | ||
| 037 | _aCen Lib/Ret | ||
| 040 |
_aDPL _bEN |
||
| 082 |
_a338.4791 _bMAD |
||
| 100 |
_aMadhukar, Manoj _919024 |
||
| 245 |
_aHuman resource management in tourism / _cby Manoj Madhukar |
||
| 260 |
_aNew Delhi _bRajat Publications _c2000 |
||
| 270 |
_bNew Delhi _a4675/21, Ansari road daryaganj _e110002 |
||
| 300 |
_avi,286p. _c21cm(Hb) |
||
| 500 | _aIncludes index | ||
| 650 |
_aTravel and tourism _974185 |
||
| 650 |
_aHuman resource management _99535 |
||
| 942 |
_2ddc _cEN _h338.4791 _mMAD |
||
| 999 |
_c126973 _d126973 |
||